| LDR | | 00000nam c2200205 c 4500 |
| 001 | | 000000338132 |
| 005 | | 20260409092012 |
| 007 | | ta |
| 008 | | 250525s2025 ulkad r 001a kor |
| 020 | |
▼a 9791173680298
▼g 93510 :
▼c \60000 |
| 040 | |
▼a 248032
▼c 248032
▼d 248032 |
| 049 | 0 |
▼l EM110821
▼l EM111824
▼c 2 |
| 056 | |
▼a 512.87
▼2 4 |
| 090 | |
▼a 512.87
▼b 한64ㅈ5 |
| 245 | 20 |
▼a (최신) 지역사회보건간호학 =
▼x Community / Public Health Nursing /
▼d 한영란,
▼e 권명순,
▼e 김연희,
▼e 김형선,
▼e 엄선옥,
▼e 이소영,
▼e 이영희,
▼e 이종은,
▼e 이현주,
▼e 임미림,
▼e 장영은,
▼e 한숙정,
▼e 함옥경,
▼e 현사생,
▼e 장아람,
▼e 장지혜,
▼e 천유진 공저 |
| 250 | |
▼a 제5판 |
| 260 | |
▼a 서울 :
▼b 현문사,
▼c 2025 |
| 300 | |
▼a xvi, 767 p. :
▼b 삽화, 표 ;
▼c 29 cm |
| 504 | |
▼a 참고문헌 및 색인(p. 759-767) 수록 |
| 525 | |
▼a 권말부록 : 오마하 문제분류체계를 적용한 간호과정 사례 등 |
| 653 | |
▼a 지역사회보건간호
▼a 보건통계
▼a 지역사회 간호전략 |
| 700 | 1 |
▼a 한영란,
▼e 저 |
| 700 | 1 |
▼a 권명순,
▼e 공저 |
| 700 | 1 |
▼a 김연희,
▼e 공저 |
| 700 | 1 |
▼a 김형선,
▼e 공저 |
| 700 | 1 |
▼a 엄선옥,
▼e 공저 |
| 700 | 1 |
▼a 이소영,
▼e 공저 |
| 700 | 1 |
▼a 이영희,
▼e 공저 |
| 700 | 1 |
▼a 이종은,
▼e 공저 |
| 700 | 1 |
▼a 이현주,
▼e 공저 |
| 700 | 1 |
▼a 임미림,
▼e 공저 |
| 700 | 1 |
▼a 장영은,
▼e 공저 |
| 700 | 1 |
▼a 한숙정,
▼e 공저 |
| 700 | 1 |
▼a 함옥경,
▼e 공저 |
| 700 | 1 |
▼a 현사생,
▼e 공저 |
| 700 | 1 |
▼a 장아람,
▼e 공저 |
| 700 | 1 |
▼a 장아람,
▼e 공저 |
| 700 | 1 |
▼a 장지혜,
▼e 공저 |
| 700 | 1 |
▼a 천유진,
▼e 공저 |
| 950 | 0 |
▼b \60000 |
| 990 | |
▼a 관리자2
▼b 관리자2 |